LEADER 01282nam2 22002771i 450 001 UON00428048 005 20231205104855.487 100 $a20130628d1971 |0itac50 ba 101 $afre 102 $aCH 105 $a|||| 1|||| 200 1 $aˆ14: ‰novembre-decembre 1762$fedition critique etablié et annotée par R.A. Leigh 210 $aGeneve$cInstitut et Musee Voltaire Les Delices$d1971 215 $a268 p., 5 c. di tav.$d24 cm. 461 1$1001UON00428033$12001 $aCorrespondance complete de J. -J. Rousseau$fedition critique etablié et annotée par R.A. Leigh$1210 $aGeneve$cInstitut et Musee Voltaire Les Delices$d1965-1973$1215 $a19 v.$d24 cm.$v14 620 $aCH$dGenève$3UONL003003 676 $a846$cLetteratura francese. Lettere.$v21 700 1$aROUSSEAU$bJean Jacques$3UONV122787$0132862 702 1$aLEIGH$bR.A.$3UONV217405 712 $aInstitut et Musée Voltaire$3UONV276124$4650 801 $aIT$bSOL$c20240220$gRICA 899 $aSIBA - SISTEMA BIBLIOTECARIO DI ATENEO$2UONSI 912 $aUON00428048 950 $aSIBA - SISTEMA BIBLIOTECARIO DI ATENEO$dSI Francese IV A ROU 21 $eSI SFR6666/2 5 21 $sBuono 996 $aNovembre-décembre 1762$91031668 997 $aUNIOR LEADER 02039nam0 2200469 i 450 001 VAN0123591 005 20230703115338.933 017 70$2N$a9781493970056 100 $a20190924d2017 |0itac50 ba 101 $aeng 102 $aUS 105 $a|||| ||||| 200 1 $aConvexity and Concentration$fEric Carlen, Mokshay Madiman, Elisabeth M. Werner Editors 210 $aNew York$cSpringer$d2017 215 $aX, 623 p.$d24 cm 410 1$1001VAN0027033$12001 $aˆThe ‰IMA volumes in mathematics and its applications$1210 $aNew York [etc.]$cSpringer$v161 500 1$3VAN0235537$aConvexity and Concentration$91561762 606 $a58-XX$xGlobal analysis, analysis on manifolds [MSC 2020]$3VANC019758$2MF 606 $a46-XX$xFunctional analysis [MSC 2020]$3VANC019764$2MF 606 $a52-XX$xConvex and discrete geometry [MSC 2020]$3VANC019811$2MF 606 $a60-XX$xProbability theory and stochastic processes [MSC 2020]$3VANC020428$2MF 610 $aConcave Functions and Measures$9KW:K 610 $aConcentration$9KW:K 610 $aConvex Geometry$9KW:K 610 $aEntropy$9KW:K 610 $aGeometric Analysis$9KW:K 610 $aInequalities$9KW:K 610 $aProbability$9KW:K 610 $aRandom matrices$9KW:K 620 $aUS$dNew York$3VANL000011 702 1$aCarlen$bEric$3VANV043697 702 1$aMadiman$bMokshay$3VANV095061 702 1$aWerner$bElisabeth M.$3VANV095062 712 $aSpringer $3VANV108073$4650 801 $aIT$bSOL$c20240614$gRICA 856 4 $uhttp://doi.org/10.1007/978-1-4939-7005-6$zE-book ? Accesso al full-text attraverso riconoscimento IP di Ateneo, proxy e/o Shibboleth 899 $aBIBLIOTECA DEL DIPARTIMENTO DI MATEMATICA E FISICA$1IT-CE0120$2VAN08 912 $fN 912 $aVAN0123591 950 $aBIBLIOTECA DEL DIPARTIMENTO DI MATEMATICA E FISICA$d08CONS e-book 0609 $e08eMF609 20190924 996 $aConvexity and Concentration$91561762 997 $aUNICAMPANIA